000 00549nam a2200193Ia 4500
005 20250923145111.0
008 008 250917s9999 xx 000 0 eng d
037 _aReports
040 _aDSWL
_beng
_cDSWL
041 _aeng
_2eng
084 _aY:7:7p1,N52, N65
_qDSWL
245 0 _a1965 report on the world social situation
_cby United Nations
260 _aNew York
_b United Nations
_c1966
300 _av,82 p.
365 _aUSD
_b2
925 _g2
942 _cREP
_hY:7:7p1,N52, N65
999 _c1447083
_d1447083